Trio strike out for global growth - against UK tide (Record no. 76496)

MARC details
000 -LEADER
fixed length control field 00880cab a2200181 4500
001 - CONTROL NUMBER
control field ##L132566
008 - FIXED-LENGTH DATA ELEMENTS--GENERAL INFORMATION
fixed length control field 060217n2006 000 0 eng u
035 ## - SYSTEM CONTROL NUMBER
System control number (Sirsi) u132566
041 0# - LANGUAGE CODE
Language code of text/sound track or separate title eng
100 1# - MAIN ENTRY--PERSONAL NAME
Personal name Yandall, Paul
245 00 - TITLE STATEMENT
Title Trio strike out for global growth - against UK tide
260 ## - PUBLICATION, DISTRIBUTION, ETC.
Date of publication, distribution, etc. 2006
490 #0 - SERIES STATEMENT
Series statement Estates Gazette
Volume/sequential designation (606) 11 February 2006, 58-60(3)
520 ## - SUMMARY, ETC.
Summary, etc. CB Richard Ellis, JLL and Cushman and Wakefield Healey and Baker, who have shown revenues increasing by 19%-23.1%. Looks at the top three's plans. Sees mid-sized firms as being under pressure and compares their performance in the UK since 2001 unfavourably with their smaller UK rivals. League table of the top seven global agents and the top three UK performers ranked by turnover and share of market turnover.
590 ## - LOCAL NOTE (RLIN)
Local note IKA280206
690 ## - LOCAL SUBJECT ADDED ENTRY--TOPICAL TERM (OCLC, RLIN)
Topical term or geographic name as entry element PROPERTY-PROPERTY MARKET
942 ## - ADDED ENTRY ELEMENTS (KOHA)
Suppress in OPAC 0
Holdings
Withdrawn status Lost status Source of classification or shelving scheme Damaged status Not for loan Home library Current library Shelving location Date acquired Total Checkouts Full call number Barcode Date last seen Copy number Price effective from Koha item type
    Dewey Decimal Classification     London London Journal article 17/02/2006   L132566 132566-1001 06/08/2019 1 06/08/2019 Journal article